Statistics for Vegas Golden Knights Roster

Click here to take the quiz!

General Stats

  • This quiz has been taken 45 times
    (14 since last reset)
  • The average score is 14 of 27

Answer Stats

Number Player % Correct
81Marchessault
92%
25Karlsson
83%
29Fleury
83%
75Reaves
83%
18Neal
75%
89Tuch
75%
88Schmidt
75%
18Smith
67%
30Subban
67%
90Tatar
67%
27Theodore
67%
56Haula
67%
29Engelland
58%
3McNabb
58%
83Nosek
58%
57Perron
58%
48Carrier
50%
6Miller
50%
78Bellemare
33%
20Eakin
33%
34Merrill
25%
33Lagace
25%
77Hunt
25%
5Garrison
17%
24Lindberg
17%
5Sbisa
8%
3Stoner
0%

Score Distribution

Percentile by Number Answered

Percent of People with Each Score

Your Score History

You have not taken this quiz since the last reset